000
00286nam a22001337a 4500
003
SGT
020
_a
8119117344
082
_a
615
_b
HAJ
100
_a
HAJARE ASHOK A
245
_a
MODERN PHARMACEUTICS
260
_a
INDIA
_b
NIRALI PRAKSHAN
_c
2025
300
_a
5.31
942
_2
ddc
_c
BK
999
_c
34483
_d
34483